000 00687nam a2200205Ii 4500
003 JO-AjNU
008 230605s9999||||xx |||||||||||||| ||und||
040 _aJO-AjNU
_bara
_erda
_cJO-AjNU
041 _aara
050 1 4 _aBP170.A2852 1986
100 3 _aأبو خليل، شوقي,
_eauthor
_914651
245 0 0 _aالإسلام في قفص الإتهام
250 _aط5
264 3 1 _aدمشق: دار الفكر للطباعة والتوزيع والنشر، 1986
300 _a366ص
336 _atext
_btxt
_2rdacontent
337 _aunmediated
_bn
_2rdamedia
338 _avolume
_bnc
_2rdacarrier
650 4 _aالاسلام- دفع مطاعن- الاسلام والغرب
_914652
999 _aA3957
_c7525
_d7525